Ty, moudré ráno - a já, večer hloupý /

Hlavní autor: Vlková, Lenka, 1961-
Jazyk: Čeština
Vydáno: Příbram : Knihovna Jana Drdy, 2013
Vydání: Vyd. 1.
Témata:
Fyzický popis: 134 s. : il. ; 16 cm
Knihy
Uloženo v:
LEADER 00980nam a2200313 a 4500
001 nkc20132463562
003 CZ PrNK
005 20130621090643.0
007 ta
008 130517s2013 xr a g 000 p cze
015 |a cnb002463562 
020 |a 978-80-86937-41-0  |q (váz.) 
035 |a (OCoLC)847728944 
040 |a ABA001  |b cze 
072 7 |a 821.162.3-1  |x Česká poezie  |2 Konspekt  |9 25 
080 |a 821.162.3-1  |2 MRF 
080 |a (0:82-1)  |2 MRF 
100 1 |a Vlková, Lenka,  |d 1961-  |7 jo2013761906  |4 aut  |4 ill 
245 1 0 |a Ty, moudré ráno - a já, večer hloupý /  |c Lenka Vlková 
250 |a Vyd. 1. 
260 |a Příbram :  |b Knihovna Jana Drdy,  |c 2013 
300 |a 134 s. :  |b il. ;  |c 16 cm 
655 7 |a česká poezie  |7 fd133958  |2 czenas 
655 9 |a Czech poetry  |2 eczenas 
910 2 |a BOA001  |b 1-1303.401 
990 |a BK 
995 |a 01 
991 |b 201305  |e b 
996 6 |b 2610549650  |c 1-1303.401  |l MZK  |r Sklad / do 1 hodiny  |n 0  |p p.v.  |w 001328959  |u 000010  |a 1  |e BOA001  |j MZK50  |s P